| 000 | 00971nam a22002297a 4500 | ||
|---|---|---|---|
| 005 | 20170124102929.0 | ||
| 010 | _aB-180073 | ||
| 020 | _c120.00 | ||
| 035 | _aB-180073 | ||
| 037 | _bCen Lib/Ret | ||
| 040 |
_aDPL _bHN |
||
| 082 |
_a350 _bवस्तुनि |
||
| 245 |
_aवस्तुनिष्ठ लोक प्र्रशासन / _cसंपादक एन.एन. ओझा |
||
| 246 |
_aVasstunishth lok prashasan / _bsampadak N.N. Ojha |
||
| 260 |
_aनयी दिल्ली _bकानिकल बुक्स _c2005 |
||
| 270 |
_bनयी दिल्ली _aबी-७ एक्स,११४-ए, सफदरजंग एन्क्लेव _e110029 |
||
| 300 |
_a209पृ. _c23सेमी(अजिल्द) |
||
| 650 |
_aलोक प्रशासन _94735 |
||
| 650 |
_aPublic administration _94733 |
||
| 700 |
_aओझा, एन.एन. _942260 |
||
| 942 |
_2ddc _cHN _h350 _mवस्तुनि |
||
| 999 |
_c111802 _d111802 |
||